| Tag |
First Indicator |
Second Indicator |
Subfields |
| LEADER |
00000cam a2200000 4500 |
| 001 |
in00000260596 |
| 005 |
20151010053916.0 |
| 008 |
750819s1905 orucf 00010 eng d |
| 010 |
|
|
|a 06010333
|
| 035 |
|
|
|a (OCoLC)01560813
|
| 035 |
|
|
|9 ABC6133AM
|
| 040 |
|
|
|c DZM
|d TXA
|d UtOrBLW
|
| 049 |
|
|
|a TXAS
|v 1 [1090606]
|v 2 [1090607]
|
| 050 |
0 |
0 |
|a F880
|b .C6
|
| 100 |
1 |
|
|a Clarke, S. A.,
|d 1827-
|
| 245 |
1 |
0 |
|a Pioneer days of Oregon history /
|c by S. A. Clarke.
|
| 264 |
|
1 |
|a Portland :
|b J.K. Gill company,
|c [1905]
|
| 264 |
|
4 |
|c [©1905]
|
| 300 |
|
|
|a 2 volumes :
|b frontispiece, plates, portraits
|
| 336 |
|
|
|a text
|b txt
|2 rdacontent
|
| 337 |
|
|
|a unmediated
|b n
|2 rdamedia
|
| 338 |
|
|
|a volume
|b nc
|2 rdacarrier
|
| 500 |
|
|
|a Paged continuously.
|
| 651 |
|
0 |
|a Oregon
|x History.
|
| 999 |
|
|
|a MARS
|
| 999 |
f |
f |
|s 2771ee69-4a96-3d16-8c7c-9228e57afb5f
|i f0983c44-21e3-3922-be37-35a1a86985e4
|t 0
|
| 952 |
f |
f |
|p noncirc
|a Texas A&M University
|b College Station
|c Cushing Memorial Library & Archives
|d Cushing: Dykes (Does not check out)
|t 0
|e F880 .C6
|h Library of Congress classification
|i unmediated -- volume
|m A14851739327
|
| 952 |
f |
f |
|p noncirc
|a Texas A&M University
|b College Station
|c Cushing Memorial Library & Archives
|d Cushing: Dykes (Does not check out)
|t 0
|e F880 .C6
|h Library of Congress classification
|i unmediated -- volume
|m A14851739319
|
| 998 |
f |
f |
|a F880 .C6
|s v.1-v.2
|t 0
|l Cushing: Dykes (Does not check out)
|